LEADER 02654oas 2201009 a 450 001 9910135945903321 005 20251105213014.0 011 $a1524-4539 035 $a(DE-599)ZDB1466401-X 035 $a(DE-599)1466401-X 035 $a(OCoLC)38425031 035 $a(CONSER)sn 99003671 035 $a(CKB)954925390275 035 $a(EXLCZ)99954925390275 100 $a19980212a19509999 sy a 101 0 $aeng 135 $aurunu|||||||| 181 $ctxt$2rdacontent 182 $cc$2rdamedia 183 $acr$2rdacarrier 200 10$aCirculation $ejournal of the American Heart Association 210 $a[Baltimore, Md.] $cLippincott Williams & Wilkins ;$a[Stanford, Calif.] $cHighwire Press 300 $aRefereed/Peer-reviewed 311 08$a0009-7322 531 0 $aCirculation 606 $aBlood$xCirculation$vPeriodicals 606 $aCardiovascular system$vPeriodicals 606 $aCardiology$vPeriodicals 606 $aHeart$xDiseases$vPeriodicals 606 $aBlood Circulation 606 $aCardiovascular System 606 $aVascular Diseases 606 $aBlood$xCirculation$2fast$3(OCoLC)fst00834555 606 $aCardiology$2fast$3(OCoLC)fst00847121 606 $aCardiovascular system$2fast$3(OCoLC)fst00847172 606 $aHeart$xDiseases$2fast$3(OCoLC)fst00953527 606 $aCardiologia$2thub 608 $aPeriodicals.$2fast 608 $aPeriodicals.$2lcgft 608 $aRevistes electròniques.$2thub 615 0$aBlood$xCirculation 615 0$aCardiovascular system 615 0$aCardiology 615 0$aHeart$xDiseases 615 12$aBlood Circulation. 615 22$aCardiovascular System. 615 22$aVascular Diseases. 615 7$aBlood$xCirculation. 615 7$aCardiology. 615 7$aCardiovascular system. 615 7$aHeart$xDiseases. 615 7$aCardiologia. 676 $a616 712 02$aAmerican Heart Association, 801 0$bFQM 801 1$bFQM 801 2$bNSD 801 2$bNLM 801 2$bOCLCQ 801 2$bCDS 801 2$bEEM 801 2$bTEF 801 2$bOCLCQ 801 2$bUKMGB 801 2$bOCLCQ 801 2$bOCLCO 801 2$bOCLCQ 801 2$bOCLCF 801 2$bOCLCO 801 2$bWAU 801 2$bOCLCQ 801 2$bNLE 801 2$bVT2 801 2$bOCLCO 801 2$bS2H 801 2$bOCLCQ 801 2$bOCLCA 801 2$bOCLCQ 801 2$bUAB 801 2$bUBY 801 2$bDXU 801 2$bOCLCL 801 2$bOCLCQ 906 $aJOURNAL 912 $a9910135945903321 996 $aCirculation$9797005 997 $aUNINA